• 首页
  • 本馆介绍
  • 公告通知
  • 最新文献
  • 馆藏检索
  • 电子资源
  • 读者导购
  • 参考咨询
  • 我的图书馆
  • 登录
  • 详细信息显示
  • 放入我的书架
  • 预约/预借图书
  • 作者相关作品
  • 分类相关作品
  • 丛书相关作品
  • 出版社相关作品

书目信息

  • 表格格式
  • 工作单格式
  • 卡片格式
题名:
全民健身路径与公共体育服务体系建设研究
    
 
作者: 顾慧亚 , 王晓军 著
分册:  
出版信息: 北京   九州出版社  2018
页数: 193页
开本: 24cm
丛书名:
单 册:
中图分类: G812.4
科图分类:
主题词: 全民健身--quan min jian shen--研究--中国 , 群众体育--qun zhong ti yu--社会服务--研究--中国
电子资源:
ISBN: 978-7-5108-6595-4
000 01088nam0 2200277 450
001 012001003653
005 20131014082506.0
010    @a978-7-5108-6595-4@dCNY43.00
099    @aCAL 012018075235
100    @a20180427d2018 em y0chiy50 ea
101 0  @achi
102    @aCN@b110000
105    @aak a 000yy
106    @ar
200 1  @a全民健身路径与公共体育服务体系建设研究@Aquan min jian shen lu jing yu gong gong ti yu fu wu ti xi jian she yan jiu@f顾慧亚, 王晓军著
210    @a北京@c九州出版社@d2018
215    @a193页@c图@d24cm
320    @a有书目 (第192-193页)
330    @a本书共分为八章, 其主要内容包括: 全民健身概论 ; 全民健身理论保障体系构建路径 ; 全民健身服务实践体系构建路径 ; 全民健身发展总路径研究 ; 全民健身实用路径指导研究 ; 全民健身背景下构建公共体育服务体系的构想等。
606 0  @a全民健身@Aquan min jian shen@x研究@y中国
606 0  @a群众体育@Aqun zhong ti yu@x社会服务@x研究@y中国
690    @aG812.4@v5
701  0 @a顾慧亚@Agu hui ya@4著
701  0 @a王晓军@Awang xiao jun@4著
801    @b江苏凤凰@c20191020
905    @b1233532-7@dG812.4@e124@f6
    
    全民健身路径与公共体育服务体系建设研究/顾慧亚, 王晓军著.-北京:九州出版社,2018
    193页:图;24cm
    
    
    ISBN 978-7-5108-6595-4:CNY43.00
    本书共分为八章, 其主要内容包括: 全民健身概论 ; 全民健身理论保障体系构建路径 ; 全民健身服务实践体系构建路径 ; 全民健身发展总路径研究 ; 全民健身实用路径指导研究 ; 全民健身背景下构建公共体育服务体系的构想等。
●
相关链接 在E读中查询图书 在五车中查询图书 在当当中查询图书 在豆瓣中查询图书


正题名:全民健身路径与公共体育服务体系建设研究     索取号:G812.4/124         预约/预借

序号 登录号 条形码 馆藏地/架位号 状态 备注
1 1233532   212335329   第一样本阅览室/ [索取号:G812.4/124] 在馆    
2 1233533   212335338   第四借阅区/ [索取号:G812.4/124] 在馆    
3 1233534   212335347   第四借阅区/ [索取号:G812.4/124] 在馆    
4 1233535   212335356   教育系资料室/ [索取号:G812.4/124] 在馆    
5 1233536   212335365   教育系资料室/ [索取号:G812.4/124] 在馆    
6 1233537   212335374   教育系资料室/ [索取号:G812.4/124] 在馆    
唐山师范学院图书馆 欢迎您!
大连网信软件有限公司© 版权所有